International Accounting / (Record no. 9031)
[ view plain ]
| 000 -LEADER | |
|---|---|
| fixed length control field | 00971cac a22002291u 4500 |
| 008 - FIXED-LENGTH DATA ELEMENTS--GENERAL INFORMATION | |
| fixed length control field | 081201t 2005xxu||||| |||| 00| 0 eng d |
| 010 ## - LIBRARY OF CONGRESS CONTROL NUMBER | |
| LC control number | 98041091 |
| 020 ## - INTERNATIONAL STANDARD BOOK NUMBER | |
| International Standard Book Number | 0131480979 |
| 020 ## - INTERNATIONAL STANDARD BOOK NUMBER | |
| International Standard Book Number | 9780131293571 |
| 082 00 - DEWEY DECIMAL CLASSIFICATION NUMBER | |
| Classification number | 657.95 |
| Item number | CHO |
| 100 ## - MAIN ENTRY--PERSONAL NAME | |
| Personal name | Choi, Frederick D. S., |
| 9 (RLIN) | 21077 |
| 245 10 - TITLE STATEMENT | |
| Title | International Accounting / |
| Statement of responsibility, etc | Frederick D.S. Choi, Gary K. Meek. |
| 250 ## - EDITION STATEMENT | |
| Edition statement | 5th ed. |
| 260 ## - PUBLICATION, DISTRIBUTION, ETC. (IMPRINT) | |
| Place of publication, distribution, etc | Upper Saddle River, N.J. : |
| Name of publisher, distributor, etc | Prentice Hall, 2005 |
| Date of publication, distribution, etc | c2005. |
| 300 ## - PHYSICAL DESCRIPTION | |
| Extent | xviii, 503 p. : |
| Other physical details | ill. ; |
| Dimensions | 24 cm. |
| 500 ## - GENERAL NOTE | |
| General note | One copy Distributed by Dar Fathy Taha Mohamed Desoukey |
| 504 ## - BIBLIOGRAPHY, ETC. NOTE | |
| Bibliography, etc | Includes bibliographical references and index. |
| 650 #0 - SUBJECT ADDED ENTRY--TOPICAL TERM | |
| Topical term or geographic name as entry element | International business enterprises |
| General subdivision | Accounting. |
| 9 (RLIN) | 21078 |
| 700 1# - ADDED ENTRY--PERSONAL NAME | |
| Personal name | Meek, Gary K., |
| Dates associated with a name | 1949- |
| 9 (RLIN) | 21079 |
| 942 ## - ADDED ENTRY ELEMENTS (KOHA) | |
| Item type | Book - Borrowing |
| Call number prefix | 657.95 CHO |
| Source of classification or shelving scheme | Dewey Decimal Classification |
| Withdrawn status | Item status | Source of classification or shelving scheme | Damaged status | Not for loan | Vendor | Home library | Current library | Shelving location | Date acquired | Source of acquisition | Total Checkouts | Full call number | Barcode | Date last seen | Date last borrowed | Cost, replacement price | Koha item type |
|---|---|---|---|---|---|---|---|---|---|---|---|---|---|---|---|---|---|
| Dewey Decimal Classification | Central Library | Central Library | First floor | 08/11/2010 | 1 | 657.95 CHO | 000010901 | 15/07/2025 | 06/03/2012 | 50.00 | Book - Borrowing |